| 000 | 00700nam a2200169Ia 4500 | ||
|---|---|---|---|
| 008 | 090711s9999 xx 000 0 und d | ||
| 082 | _b1056 | ||
| 100 | _aदेशपांडे राजलक्ष्मी | ||
| 245 | _aसंस्उाgऎतीSया प्रसादखुणा | ||
| 260 |
_bचिरानि प्रकाशन _c1998 |
||
| 300 | _a232 | ||
| 600 | _aदेशपांडे राजलक्ष्मी | ||
| 630 | _aसंस्उाgऎतीSया प्रसादखुणा | ||
| 700 | _aदेशपांडे राजलक्ष्मी | ||
| 730 | _aसंस्उाgऎतीSया प्रसादखुणा | ||
| 942 | _cBOOK | ||
| 999 |
_c333897 _d333897 |
||